Inter-religious dialogue, (Record no. 87235)

MARC details
000 -LEADER
fixed length control field 00679cam a2200217 4500
001 - CONTROL NUMBER
control field sa 68016657
003 - CONTROL NUMBER IDENTIFIER
control field DLC
005 - DATE AND TIME OF LATEST TRANSACTION
control field 20260227112656.0
008 - FIXED-LENGTH DATA ELEMENTS--GENERAL INFORMATION
fixed length control field 710520s1967 ii b 000 0 eng
010 ## - LIBRARY OF CONGRESS CONTROL NUMBER
LC control number sa 68016657
025 ## - OVERSEAS ACQUISITION NUMBER
Overseas acquisition number PL480:I-E-10745
040 ## - CATALOGING SOURCE
Original cataloging agency DLC
Transcribing agency DLC
Modifying agency DLC
050 00 - LIBRARY OF CONGRESS CALL NUMBER
Classification number BR127
Item number .J32
100 2# - MAIN ENTRY--PERSONAL NAME
Personal name Jai Singh, Herbert.
245 10 - TITLE STATEMENT
Title Inter-religious dialogue,
Statement of responsibility, etc. edited by Herbert Jai Singh.
260 ## - PUBLICATION, DISTRIBUTION, ETC.
Place of publication, distribution, etc. Bangalore,
Name of publisher, distributor, etc. Christian Institute for the Study of Religion and Society,
Date of publication, distribution, etc. 1967.
300 ## - PHYSICAL DESCRIPTION
Extent viii, 237 p.
Dimensions 19 cm.
490 0# - SERIES STATEMENT
Series statement Devanandan memorial volume, no. 3
504 ## - BIBLIOGRAPHY, ETC. NOTE
Bibliography, etc. note Bibliographical footnotes.
650 #0 - SUBJECT ADDED ENTRY--TOPICAL TERM
Topical term or geographic name entry element Christianity and other religions.

No items available.

Powered by Koha